000 00238 a2200097 4500
001 90853
082 _a297.18 IMT
090 _c43025
_d43025
100 _aImtiaz Ahmad
245 _aShaid k tere Dil main Utar Jaye Meri Baat
_cImtiaz Ahmad
942 _aCAE NUST
_k297.18 IMT
999 _c325926
_d325926